000 00539nam a22001697a 4500
003 CEME
005 20210628210449.0
008 210204b xxu||||| |||| 00| 0 eng d
040 _c.
082 _a297.23 MUH
100 _aDr.Muhammad Abdul Hai Arifi,Hai, Muhammad Abdul .Dr,
_979468
245 _aDeath and inhertiance the islamic way,a handbook of rules pertaining to the deceased
260 _aKARACHI
_bIDARA ISLAMIYAT
_c1998
300 _a272P
650 _aDEATH AND INHERTIANCE.ISLAM-INHERITANCE RULES
_979469
942 _cBK
_2ddc
999 _c584513
_d584513